000 00848nam a2200205 a 4500
001 000772397
003 AM-YEHGA
005 20251014162757.0
008 101119s1970 fr r 000 0 fre d
040 _aAM-YEHGA
041 0 _aarm
100 1 _aԹումանյան, Հովհաննես Թադևոսի,
_d1869-1923
_91108
245 1 0 _aԳիքորը :
_b[Պատմվածք] /
_cՅովհ. Թումանեան ; Վերապատմեց՝ Ա. Ճիւմպիւշեան ; Նկ.՝ Գ. Խանջեան.
260 _aՓարիզ :
_bԷրեբունի,
_c1970.
300 _a32 էջ :
_bնկ. ;
_c20 սմ.
650 1 4 _aՀայ մանկական գրականություն
_xՊատմվածք
_95413
700 1 _aԽրախունի, Զարեհ,
_d1926-2015
_92529
700 1 _aԽանջյան, Գրիգոր Սեպուհի,
_d1926-2000
_eնկ.
_4art
_91078
942 _2udc
_cBK
999 _c535605
_d535605